| 000 | 00832nam a2200265 i 4500 | ||
|---|---|---|---|
| 001 | bg | ||
| 245 | 0 | 0 |
_aPodstawy technologii chemicznej i inżynierii reaktorów / _cpod red. Macieja Wiśniewskiego i Krzysztofa Alejskiego ; [oprac. Krzysztof Alejski et al.]. |
| 260 |
_aPoznań : _bWydawnictwo Politechniki Poznańskiej, _c2006. |
||
| 300 |
_a230 s. : _bil. ; _c24 cm. |
||
| 504 | _aBibliogr. przy rozdz. | ||
| 650 | 9 | _aReaktory chemiczne | |
| 650 | 9 | _aTechnologia chemiczna | |
| 655 | _aPodręczniki akademickie | ||
| 700 | 1 |
_aWiśniewski, Maciej. _eRed. |
|
| 700 | 1 |
_aAlejski, Krzysztof. _eRed. |
|
| 015 | _aPB 669/2007 | ||
| 020 | _a8371432232 | ||
| 040 | _cBPK | ||
| 041 | 0 | _apol | |
| 044 | _apol | ||
| 080 | _a66(075.8) | ||
| 920 | _a83-7143-223-2 | ||
| 942 | _cKS | ||
| 008 | 061102s2006 pl a e f |000 0 pol | ||
| 999 |
_c54035 _d54035 |
||
| 856 |
_uhttp://koha.tu.koszalin.pl/cgi-bin/koha/opac-detail.pl?biblionumber=54035 _yKatalog online BPK |
||